| 000 | 01343cam a2200289 4500 | ||
|---|---|---|---|
| 008 | 010726n2001 000 0 eng u | ||
| 020 | _a0419256202 | ||
| 035 | _a(Sirsi) u113796 | ||
| 041 | _aeng | ||
| 050 |
_a725.54 _c18 |
||
| 100 | _aImrie, R. | ||
| 245 |
_aInclusive design _bdesigning and developing accessible environments |
||
| 260 |
_aLondon _bSpon Press _c2001 |
||
| 300 |
_axi, 187p. _bill. _c25cm. |
||
| 350 | _a29.99 | ||
| 520 | _aArranged in three parts, debates illustrations and reflections, this book documents the attitudes and values of construction and property professionals towards the needs of people with disabilities and the way in which pressure for accessible building design is influencing current policies and practice. Although primarily focused on the UK the book also illustrates practice in New Zealand, Sweden and the United States. | ||
| 650 | _aMANAGEMENT-BUSINESS MANAGEMENT-DISCRIMINATION-DISABILITY DISCRIMINATION-ACCESSIBILITY | ||
| 650 | _aDESIGN PRACTICES | ||
| 650 | _aMANAGEMENT-BUSINESS MANAGEMENT-DISCRIMINATION-DISABILITY DISCRIMINATION-ACCESSIBILITY | ||
| 650 | _aDISABLED PEOPLE | ||
| 650 | _aINCLUSIVE DESIGN | ||
| 650 | _aPEOPLE WITH DISABILITIES | ||
| 650 | _aPROPERTY DEVELOPMENT | ||
| 690 | _aBUILT ENVIRONMENT-CONSTRUCTION DESIGN | ||
| 700 | _aHall, P. | ||
| 942 | _n0 | ||
| 999 |
_c101562 _d101562 |
||